[Event "Alushta4"]
[Site "Alushta"]
[Date "1994.??.??"]
[Round "3"]
[White "Graf, Alexander"]
[Black "Moskalenko, Viktor"]
[Result "1-0"]
[WhiteElo "2575"]
[BlackElo "2535"]
[Annotator "Stohl,I"]
[PlyCount "61"]
[EventDate "1994.??.??"]
[EventType "tourn"]
[EventRounds "9"]
[EventCountry "UKR"]
[EventCategory "13"]
[SourceTitle "CBM 042"]
[Source "ChessBase"]
[SourceDate "1994.10.01"]
[SourceVersion "1"]
[SourceVersionDate "1994.10.01"]
[SourceQuality "1"]

1. d4 e6 2. c4 Bb4+ 3. Bd2 (3. Nc3 c5 4. e3 Bxc3+ 5. bxc3 d6 6. Bd3 Ne7 $5 7.
Ne2 Nbc6 8. Ng3 O-O 9. f4 b6 10. O-O Ba6 11. d5 Na5 $1 12. Qh5 f5 13. Qe2 Qd7
14. e4 Rae8 15. Rd1 Kh8 16. Qf1 fxe4 17. Nxe4 Bxc4 $1 18. Ng5 (18. Bxc4 Nxc4
19. Qxc4 exd5 20. Rxd5 Qe6 21. Rxc5 d5 $1 $19) 18... exd5 19. Nxh7 Rg8 20. Ng5
g6 21. Qf2 Kg7 $15 {Popov,V-Legky,N/Orel/1994/}) (3. Nd2 d5 (3... f5 4. a3 Be7
(4... Bxd2+ $142 5. Bxd2 Nf6) 5. e4 fxe4 6. Nxe4 Nf6 7. Bd3 O-O 8. Nxf6+ Bxf6
9. Nf3 d6 10. h4 $1 Qe7 11. Qc2 h6 12. Be3 e5 13. dxe5 dxe5 14. Ng5 $1 Rd8 15.
c5 {/\Bc4+-} Kf8 16. Bc4 e4 (16... hxg5 17. hxg5 $18) 17. Nf7 Re8 18. Nh8 $1
Bf5 19. Ba2 Be5 20. g4 Bh7 21. Qc4 Qf6 22. Bg5 $1 hxg5 (22... Qf3 23. Qg8+ $3
Bxg8 24. Ng6#) 23. hxg5 Qf3 24. Rxh7 Ke7 25. Qe6+ {1-0/Sorin,A-Rodriguez,And/
San Martin/1994/}) 4. Ngf3 Ne7 5. a3 Bxd2+ 6. Bxd2 O-O 7. Qc2 Bd7 8. Rc1 Nbc6
9. e4 $1 Be8 10. exd5 exd5 11. Bd3 Ng6 12. cxd5 Qxd5 13. Be4 Qh5 14. O-O Rd8
15. d5 f5 $5 16. Bd3 Rxd5 17. Bc4 Bf7 18. Qb3 $1 $36 {Sorin,A-Slipak,S/San
Martin/1994/}) 3... a5 (3... Qe7 4. e4 $5 d5 5. e5 Bxd2+ 6. Nxd2 dxc4 7. Bxc4
Bd7 8. Qg4 g6 9. Ne2 Bc6 10. Nc3 Nh6 11. Qh3 Nf5 12. O-O Nxd4 13. Nde4 Nd7 14.
Rfd1 Nf5 15. Nb5 $5 $13 {Tregubov,P-Savon,V/Volgograd/1994/}) 4. Nc3 d5 (4...
Nf6 5. Bg5 $5 a4 6. a3 Bxc3+ 7. bxc3 c5 8. d5 d6 9. e3 exd5 10. cxd5 Nbd7 11.
Bd3 Qa5 12. Ne2 Nxd5 13. O-O c4 $1 14. Bc2 (14. Bxc4 $2 N5b6) 14... Nxc3 15.
Nxc3 Qxc3 16. Bf4 O-O 17. Bxd6 Re8 18. Bb4 Qe5 19. Bxa4 b5 $13 {Tukmakov,
V-Motwani,P/Groningen op/1990/}) (4... d6 5. e4 (5. Nf3 f5 $5 6. e3 Nf6 7. Bd3
b6 8. Qc2 O-O 9. a3 Bxc3 10. Bxc3 Qe8 11. O-O-O $6 (11. Nd2 $5 $14) 11... Bb7
12. d5 Na6 $1 13. e4 fxe4 14. Bxe4 Nxe4 15. Qxe4 Nc5 16. Qc2 e5 17. b4 axb4 18.
axb4 Na4 19. Be1 Bc8 $40 {Douven,R-Luther,T/Sochi/1990/}) (5. a3 Bxc3 6. Bxc3
Nf6 7. Qc2 Qe7 8. e3 O-O 9. Ne2 b6 10. Ng3 Bb7 11. f3 c5 12. Bd3 cxd4 13. Bxd4
Nbd7 14. O-O Rfc8 15. Bxf6 Nxf6 16. Rac1 g6 17. Qd2 Rd8 $10 {Kelecevic,
N-Eingorn,V/Bern op/1993/}) 5... e5 6. a3 Bxc3 7. Bxc3 Nf6 8. f3 exd4 9. Qxd4
O-O 10. Ne2 Nc6 11. Qd2 Nd7 12. Ng3 Nc5 13. Qc2 Qh4 14. O-O-O Ne5 15. Kb1 Be6
16. Nf5 Bxf5 17. exf5 Rfe8 18. Be2 Nxc4 $5 19. g3 Ne3 20. gxh4 Nxc2 21. Bb5 Ne3
22. Rdg1 Nxf5 23. Bxe8 Rxe8 24. h5 $14 {Tisdall,J-Kortchnoi,V/Haifa ETC/1989/})
(4... b6 5. e4 Bb7 6. Bd3 f5 $1 7. d5 fxe4 8. Bxe4 Nf6 9. Bf3 exd5 10. cxd5 O-O
11. Nge2 Na6 12. O-O Nc5 13. a3 Bxc3 14. Bxc3 Nfe4 15. Bxe4 Nxe4 16. Qd4 Qe7
17. Rfe1 Nd6 18. Ng3 Qf7 19. a4 Rae8 $132 {Timoschenko,G-Nenashev,A/Tashkent/
1987/}) (4... f5 5. e4 $5 Bxc3 6. Bxc3 fxe4 7. Qg4 Nf6 8. Qxg7 Rg8 9. Qh6 d5
10. f3 Nc6 11. O-O-O Rg6 12. Qe3 Nb4 13. Kb1 Qd7 14. b3 dxc4 15. fxe4 cxb3 16.
axb3 Rg4 $5 17. Qf3 Nxe4 18. Bxb4 axb4 19. Qxg4 Nc3+ 20. Kc2 Ra2+ 21. Kd3 Qb5+
22. Ke3 Nxd1+ 23. Qxd1 Qg5+ 24. Kd3 Qb5+ $10 {0,5/Rajkovic,D-Topalov,V/Star
Dojran/1991/}) 5. e3 Nf6 6. Nf3 O-O 7. Bd3 b6 (7... c5 8. a3 Bxc3 9. Bxc3 $14 {
^^}) 8. O-O Bb7 (8... Ba6 $5 9. b3 Nbd7 {/\c5<=>}) 9. a3 (9. Rc1 Nbd7 10. Qe2
Ne4 $10) 9... Bd6 (9... Be7 $142 10. Qc2 (10. cxd5 exd5 11. Ne5 c5 12. Re1 Nc6
13. Qf3 Bd6 14. Ng4 Nxg4 15. Qxg4 Ne7 16. Qh3 f5 17. f4 c4 18. Bc2 Qd7 19. a4
Bb4 20. Nb1 Bc6 21. Bc3 b5 22. axb5 Bxb5 23. Nd2 Qd6 24. Ra2 $14 {Barbero,
G-Eingorn,V/Debrecen/1989/}) 10... Nbd7 11. cxd5 exd5 12. Ne5 $5 $14) 10. Qc2 {
/\Nb5|^} dxc4 11. Bxc4 Nbd7 (11... Bxf3 12. gxf3 {/\Kh1,Rg1|^}) (11... c5 $142
$5 12. dxc5 Bxc5 13. Rfd1 $14 (13. e4 $5)) 12. e4 e5 13. Be3 exd4 (13... Qe7
14. Rfe1 $36) 14. Bxd4 $16 {|^[+]} Qe7 15. Rfe1 c5 16. Nd5 $1 Bxd5 (16... Nxd5
17. exd5 Qd8 18. Bc3 $16) 17. exd5 Qd8 18. Bc3 {><b5,b6,^^} Qc7 19. Qf5 Rae8
20. Bb5 $1 {/\Re8,Bf6+-} Rxe1+ (20... Rd8 21. g3 $16 {/\Ng5,Nd2-c4}) 21. Rxe1
h6 22. g3 Rd8 23. Nd2 $1 Bf8 24. Nc4 $18 g6 25. Qf3 Nh7 (25... Bg7 26. Re7) 26.
h4 Bd6 (26... Nb8 27. Be5 {/\d6+-}) 27. a4 Bf8 28. b3 $1 g5 (28... Bd6 29. Bxd7
Qxd7 (29... Rxd7 30. Re8+ $18) 30. Nxb6 Qb7 31. Bxa5) 29. Qf5 Bd6 30. Re6 $1
Ndf8 (30... fxe6 31. Qg6+ Kf8 32. Bg7+ Kg8 (32... Ke7 33. Qxe6#) 33. Bxh6+ Kh8
34. Qg7#) 31. Rxd6 (31. Rxd6 Rxd6 32. Qe5 {/\Qg7#,Qd6}) 1-0

[Event "Pfalz op 03rd"]
[Site "Neustadt an der Weinstrasse"]
[Date "2012.02.19"]
[Round "5"]
[White "Sumets, Andrey"]
[Black "Haroutjunian, Gevorg"]
[Result "1-0"]
[WhiteElo "2569"]
[BlackElo "2471"]
[Annotator "Sumets,A"]
[PlyCount "77"]
[EventDate "2012.02.17"]
[EventType "swiss"]
[EventRounds "9"]
[EventCountry "GER"]
[SourceTitle "EXT 2013"]
[Source "ChessBase"]
[SourceDate "2012.11.22"]
[SourceVersion "1"]
[SourceVersionDate "2012.11.22"]
[SourceQuality "1"]

1. d4 Nf6 2. c4 e6 3. g3 Bb4+ 4. Bd2 c5 5. Bxb4 cxb4 6. Bg2 O-O 7. Nf3 Nc6 8.
O-O d5 $6 {As for me it is a strange choice. I had never seen this idea before
the game and considered this move as a mistake. However this move concludes
some ideas and White has to play carefully.} (8... d6 {The main line. I was
going to play 9.d5 as Leko played against Naiditsch.} 9. d5 exd5 10. cxd5 Ne7
11. Nh4 $5 Qb6 (11... Bd7 $5 {According to computer the best move in this
position} 12. e4 (12. Nd2 Nexd5 13. Nc4 Be6 14. Qd2 Rc8) 12... Qb6 13. Nd2 Rac8
14. h3 Qd4 $6 (14... Rc7 $1 15. Re1 Rfc8) 15. Rb1 Bb5 $11 {Braun A - Terrieux
K 2009}) 12. e4 Bg4 13. Qb3 a5 (13... g5 $5 14. Nf3 (14. h3 Bxh3 15. Bxh3 gxh4)
14... Nxe4 15. Nbd2 Bxf3 16. Nxf3 g4 17. Nh4 Nd2 18. Qd1 Nxf1 19. Qxg4+ Ng6 20.
Rxf1 $44) 14. h3 a4 15. Qd3 Bd7 16. Re1 Rfc8 17. Nf3 $14 {Leko P - Naiditsch A
2008}) 9. Nbd2 Qe7 (9... b6 $6 10. cxd5 $1 exd5 11. Rc1) 10. Qc2 (10. cxd5 $2
exd5 11. e3 h6 12. Qb3 a5 13. Rfc1 Bf5 $15) 10... Rd8 11. Rad1 Bd7 12. e4 dxc4
13. Nxc4 (13. e5 $5 Ne8 (13... Nd5 14. Nxc4 Rac8 15. Qe4) 14. Nxc4 Rac8 15. Qe4
Nb8 16. Rc1 Bc6) 13... Rac8 14. Qe2 {A solid move. I saw that e5 is premature
because of Na5 and stopped calculation 14 e5.} (14. e5 $6 Na5 $1 15. exf6 (15.
Ng5 $5 Rxc4 16. exf6 (16. Qd3 g6 17. exf6 Qxf6 18. Ne4 Qg7) 16... Rxc2 17. fxe7
Re8 18. Be4 Rxb2 19. Bxh7+ Kh8 20. d5 Rxe7 21. dxe6 fxe6 22. Rd4 g6 23. Bxg6
Kg7 24. Bb1 Bc6 $13) 15... gxf6 $1 (15... Qxf6 $6 16. b3 b5 17. Qd2 bxc4 18.
Qxb4 Nc6 19. Qxc4) 16. Nfd2 b5 17. d5 Nxc4 18. Nxc4 bxc4 (18... Rxc4 19. Qe2
$44) 19. Rd4) 14... b5 15. Nce5 Be8 16. Rd2 Qb7 17. Re1 Nxe5 (17... a5 18. Bh3)
18. Nxe5 Qc7 19. Bh3 $1 {After this move I believed I had a big advantage. I
thought that he had to play ...Rb8 in some moment and I would capture the
c-file.} Nd7 20. Nd3 Qd6 21. d5 $1 $16 e5 (21... exd5 22. e5 Qh6 23. e6 $1 fxe6
(23... Qxh3 24. e7) 24. Bxe6+ Kh8 25. Nf4) 22. f4 f6 (22... exf4 $5 23. gxf4 (
23. Nxf4 Rc4 24. e5 Qb6+ 25. Qf2 $16) 23... a5 24. Qe3 Rc4 25. Bg2 $40) 23.
fxe5 fxe5 24. Rf1 Rc4 25. Be6+ Kh8 26. Qg4 $2 {I didn't see how Black could
protect his position.} (26. b3 $1 Rd4 (26... Rc3 27. Bxd7 Bxd7 28. Qh5 $18) 27.
Bxd7 Bxd7 28. Nxe5 $3 Qxe5 29. Qf2 Rxd2 (29... h6 30. Qxd4 $18) 30. Qf8+ Rxf8
31. Rxf8#) 26... Nc5 $2 (26... Qb6+ 27. Kg2 Bg6 $1 {the only way to keep
Black's position} 28. Re2 (28. Bxd7 $4 Bxe4+ 29. Kh3 Qh6+ 30. Qh4 Bxd3 $19) (
28. Qg5 Bxe4+ 29. Kh3 Bxd3 30. Rxd3 Nf8 31. Qxe5 Ng6 $16) 28... Qd4 29. Bxd7
Qxd3 30. Bf5 Bxf5 31. Rxf5 g6 32. Qf3) 27. Rdf2 $1 $18 Bh5 (27... Nxe6 28. Nxe5
$3 h5 29. Nxc4 hxg4 30. Nxd6 Rxd6 31. dxe6 $18) 28. Qh4 Nxe6 29. dxe6 Rg8 30.
Qxh5 Qxd3 31. e7 Rcc8 {The last chance.} 32. Qxe5 (32. e8=Q $4 Rcxe8 33. Qxe8
Qxf1+ $1 $11) 32... Qd7 33. Rf8 Re8 34. R1f7 Qd1+ 35. Kg2 Qd2+ 36. Kf3 Qd1+ 37.
Kf4 Qf1+ 38. Kg4 Qe2+ 39. Kh3 1-0

[Event "London"]
[Site "London"]
[Date "1997.10.19"]
[Round "2"]
[White "Gormally, Daniel"]
[Black "Shaked, Tal"]
[Result "1/2-1/2"]
[WhiteElo "2425"]
[BlackElo "2500"]
[Annotator "Tisdall,J"]
[PlyCount "91"]
[EventDate "1997.10.18"]
[EventType "tourn"]
[EventRounds "9"]
[EventCountry "ENG"]
[EventCategory "10"]
[SourceTitle "CBM 062"]
[Source "ChessBase"]
[SourceDate "1998.01.31"]
[SourceVersion "1"]
[SourceVersionDate "1998.01.31"]
[SourceQuality "1"]

1. d4 Nf6 2. c4 e6 3. Nf3 Bb4+ 4. Nbd2 b6 5. a3 Bxd2+ 6. Bxd2 Bb7 7. g3 Bxf3 (
7... d6 8. Bg2 Nbd7 9. O-O a5 10. b4 axb4 11. axb4 O-O 12. b5 Rxa1 13. Qxa1 Qa8
14. Bb4 Be4 15. Rc1 h6 16. Qc3 e5 17. d5 Qb7 18. Ra1 Ra8 19. Ra3 Nc5 20. Bh3
Bh7 21. Nh4 Nce4 22. Qa1 Rxa3 23. Qxa3 Ng5 24. Bf5 Qb8 25. f3 Kh8 26. Kg2 Bxf5
27. Nxf5 Qc8 28. g4 h5 29. h4 Ngh7 30. Qa6 Qd8 31. g5 Nd7 32. Ng3 f6 33. gxf6
Nhxf6 34. Bd2 e4 35. Bg5 exf3+ 36. exf3 Ne5 37. Qa2 Qf8 38. Qe2 g6 39. f4 Neg4
40. Qe6 Kh7 41. f5 Qg7 42. Kf3 {Bareev,E-Hjartarson,J/Munich 1993/CBM 36/1-0 
(61)}) 8. exf3 d5 9. Bg2 O-O (9... Qd7 10. f4 Nc6 11. O-O O-O 12. Rc1 a5 13.
Be3 a4 14. Qc2 Ne7 15. Rfd1 Ra7 16. Bd2 dxc4 17. Qxc4 Nfd5 18. Bb4 Rd8 19. Bxe7
Nxe7 20. Bc6 Nxc6 21. Qxc6 g6 22. Qxd7 Rxd7 23. Kf1 Kf8 24. Ke2 Ke7 25. Rc4 Rd5
26. Rdc1 Kd7 27. Ke3 Rb5 28. R1c2 Rb3+ 29. R4c3 Rxc3+ 30. bxc3 b5 31. Kd3 c6
32. Re2 Kc7 33. Re5 Kb6 34. h4 Rd7 35. Kc2 Rd5 36. Re1 c5 37. dxc5+ Rxc5 38.
Re4 Kc6 39. Rd4 e5 40. fxe5 Rxe5 41. Kd2 Rd5 42. Kc2 Kc5 43. Re4 Rf5 44. f4 h5
45. Rb4 Rd5 {1/2-1/2 Shchukin,D-Yemelin,V/Chigorin mem 1995/EXT 95}) 10. f4 Nc6
11. Bc3 Qd7 12. O-O dxc4 13. Qa4 Nd5 (13... Nxd4 $5 14. Qxd7 (14. Qxc4 Rad8 15.
Rad1 c5 16. b4 $15) 14... Ne2+ 15. Kh1 Nxd7 16. Bxa8 Rxa8 $44) 14. Qxc4 Rfd8
15. Rfe1 Rac8 $2 (15... Nce7 $11) 16. f5 $1 $36 {[%csl Re6]} Kh8 (16... exf5 $4
17. Bxd5 Qxd5 18. Re8+) 17. fxe6 fxe6 18. Re2 Nxc3 (18... Re8 19. Rae1 Nxc3 (
19... Re7 20. Rxe6 $1 Rxe6 21. Rxe6 $18) 20. bxc3 Na5 (20... Nd8 21. d5) 21.
Qa2 c5 22. Bh3 $16) 19. bxc3 Na5 20. Qxe6 Qxe6 21. Rxe6 c5 22. d5 Nc4 23. Re7
a5 24. a4 Nd6 25. Rae1 b5 26. axb5 Nxb5 27. Rb7 $5 (27. R1e3 $5) 27... Nxc3 28.
Ree7 Nxd5 29. Rxg7 Nf6 30. Rgf7 Rd6 $6 (30... Rd1+ $5 31. Bf1 c4 32. Rxf6 (32.
Rfc7 Rxc7 33. Rxc7 Ne4 34. Kg2) 32... c3 33. Rff7 (33. Rh6 Kg8 34. Rbxh7 Rc5
$11) 33... c2 34. Rxh7+ Kg8 $11) 31. g4 h6 (31... Rd1+ $1 32. Bf1 c4 33. g5 $2
(33. Rxf6 $11) 33... c3 $1 (33... Ne4 34. Rxh7+ Kg8 35. Kg2 $16) 34. gxf6 Rg8+
35. Rg7 c2 $19) 32. h4 $16 Rg8 33. Bf3 Rg6 {This leads to a rather clumsy
regrouping, but black's position is difficult in any case, and I imagine both
players were short of time. Black can try to distract one of the white rooks
to get pressure against g4, but it does not seem to quite work.} (33... a4 34.
Ra7 a3 35. Kg2) (33... c4 34. Rbc7 c3 35. Kg2 c2 36. Kh3 $1 (36. Kg3 Rd1 $1
$132)) 34. Kg2 Kg8 35. Rfc7 Rd8 36. Kg3 $6 (36. Rc6 $1 Rf8 37. Ra7 $18 (37. g5
$5 hxg5 38. Bd5+ Kh8 39. Bf7)) 36... Nh5+ 37. Kh2 Rf6 38. Kg2 $2 (38. Be4 $1
Rxf2+ (38... Nf4 39. g5 hxg5 40. hxg5 Re6 41. Bc2 (41. Rg7+ Kh8 42. Rh7+ Kg8
43. Rbg7+ Kf8 44. Rf7+ Kg8 45. Rxf4 Rxe4) 41... Nd5 42. Rg7+ Kh8 43. Rh7+ Kg8
44. g6 $18) 39. Kg1 Rf4 (39... Re2 40. Bd5+ $18) 40. Bh7+ $18) 38... Nf4+ 39.
Kg3 Ne6 $14 40. Rd7 Rxd7 41. Rxd7 Nd4 42. Bd5+ Kf8 43. f3 Ne2+ 44. Kf2 Nf4 45.
Bc4 (45. Be4 Ra6) 45... Ng6 46. Ra7 1/2-1/2

[Event "Terres Catalanes 15th"]
[Site "Ampuriabrava"]
[Date "1997.09.20"]
[Round "4"]
[White "Izeta Txabarri, Felix"]
[Black "Vehi Bach, Victor Manuel"]
[Result "0-1"]
[WhiteElo "2525"]
[BlackElo "2395"]
[Annotator "Tisdall,J"]
[PlyCount "97"]
[EventDate "1997.09.17"]
[EventType "tourn"]
[EventRounds "9"]
[EventCountry "ESP"]
[EventCategory "10"]
[SourceTitle "CBM 062"]
[Source "ChessBase"]
[SourceDate "1998.01.31"]
[SourceVersion "1"]
[SourceVersionDate "1998.01.31"]
[SourceQuality "1"]

1. d4 {Hecht} Nf6 2. Nf3 e6 3. c4 Bb4+ 4. Bd2 a5 5. Nc3 b6 6. g3 Ba6 7. b3 d5
8. cxd5 exd5 9. Bg2 O-O 10. O-O Re8 11. Re1 Ne4 (11... Nbd7 12. Rc1 (12. a3 Bd6
13. Ng5 h6 14. Nh3 c6 15. e4 dxe4 16. Nxe4 Nxe4 17. Bxe4 Rc8 18. Qf3 Bb7 19.
Bf5 Rc7 20. Rxe8+ Qxe8 21. Re1 Qd8 22. Nf4 Nf6 23. Nh5 Nxh5 24. Qxh5 Re7 25.
Ra1 c5 26. Bg5 f6 27. Bd2 cxd4 28. Qg6 Qe8 29. Qh7+ {1-0 Drummond,M-Malau,E/
World Cities 1997/EXP 58}) 12... c6 13. Nb1 Bb7 14. a3 Bd6 15. Bc3 Ne4 16. Bb2
f5 17. e3 Qf6 18. Nfd2 Qh6 19. f4 Ndf6 20. Nf3 Ng4 21. Rc2 Re6 22. Bf1 Rae8 23.
Ne5 Bxe5 24. dxe5 c5 25. Qf3 Rg6 26. Rg2 Bc6 27. Qe2 Rd8 28. Rd1 a4 29. b4 Qh5
30. Nd2 {1/2-1/2 Birbrager,I-Bronstein,D/URS-chT 1967/MCD-ch}) 12. Nxe4 dxe4
13. Bxb4 axb4 14. Ne5 Bb7 15. e3 Nd7 16. Nxd7 Qxd7 17. Qd2 Qd6 18. Rac1 Bd5 19.
Bf1 Ra5 20. Bc4 h5 21. Bxd5 Rxd5 22. Red1 h4 23. Qc2 hxg3 24. fxg3 Qh6 25. Qf2
Re6 26. Qf4 (26. Rxc7 $5 Rf6 27. Qd2 Rf3 28. Re1 Rh5 $36 {[%csl Rg3,Rh1]} 29.
Qg2 Rxe3 30. Rf1 f5) 26... Qxf4 27. gxf4 c6 28. Rf1 (28. Rc4 $5 c5 29. Rdc1)
28... Rg6+ 29. Kh1 c5 30. dxc5 bxc5 31. Rfd1 Rgd6 32. Rxd5 Rxd5 {[#] Hecht
schwarzer Raumvorteil, weiße Bauernschwächen, aktiver schwarzer König} 33. Rc2
Kf8 34. Kg2 Ke7 35. Kf2 Kd6 36. Ke1 Rh5 $17 37. Rg2 g6 38. Rd2+ Kc6 39. Rf2 Kb5
40. Rg2 Rh3 41. Kd2 c4 42. bxc4+ Kxc4 43. Re2 Rh5 44. Rf2 Ra5 45. Ke1 Kd3 46.
f5 gxf5 47. Re2 Ra6 48. Rf2 Kxe3 49. Rxf5 0-1